Statistics for Countries Ebrahim Raisi has Visited

Click here to take the quiz!

General Stats

  • This quiz has been taken 11 times
  • The average score is 14 of 17

Answer Stats

ContinentCountry% Correct
Asia/ EuropeRussia
100%
North AmericaUnited States of America
100%
AsiaChina
88%
AsiaIndonesia
88%
AsiaQatar
88%
AfricaUganda
88%
North AmericaCuba
75%
AsiaKazakhstan
75%
AfricaKenya
75%
North AmericaNicaragua
75%
AsiaTajikistan
75%
AsiaTurkmenistan
75%
AsiaUzbekistan
75%
South AmericaVenezuela
75%
AfricaZimbabwe
75%
AsiaOman
63%
AsiaSyria
63%

Score Distribution

Percentile by Number Answered

Percent of People with Each Score

Your Score History

You have not taken this quiz